书目信息 |
| 题名: |
分析仪器实验与维修
|
|
| 作者: | 张达英 主编 | |
| 分册: | ||
| 出版信息: | 重庆 重庆大学出版社 1993.09 |
|
| 页数: | 270页 | |
| 开本: | 32开 | |
| 丛书名: | ||
| 单 册: | ||
| 中图分类: | O652.2 | |
| 科图分类: | ||
| 主题词: | 分析化学 , 分析(化学) | |
| 电子资源: | ||
| ISBN: | 7-5624-0577-8 | |
| 000 | 00591nam0 2200205 45 | |
| 001 | 0008211613 | |
| 005 | 20000821163212.3 | |
| 010 | @a7-5624-0577-8@d8.50元 | |
| 100 | @a20000821d1993 km y0chiy0120 ea | |
| 101 | 0 | @achi |
| 105 | @a z 000yy | |
| 200 | 1 | @a分析仪器实验与维修@AFen Xi Yi Qi Shi Yan Yu Wei Xiu@f张达英 主编@FZhang Da Ying Zhu Bian |
| 210 | @a重庆@c重庆大学出版社@d1993.09 | |
| 215 | @a270页@d32开 | |
| 606 | 0 | @a分析化学 |
| 606 | 0 | @a分析(化学) |
| 690 | @aO652.2@v3 | |
| 701 | 0 | @a张达英@4主编 |
| 801 | @aCN@bPftUser@c20000821 | |
| 905 | @b113488-497@dO652.2@eZH910@f10 | |
| 分析仪器实验与维修/张达英 主编.-重庆:重庆大学出版社,1993.09 |
| 270页;32开 |
| ISBN 7-5624-0577-8:8.50元 |
| ● |
| 相关链接 |
|
|
|
正题名:分析仪器实验与维修
索取号:O652.2/ZH910
 
预约/预借
| 序号 | 登录号 | 条形码 | 馆藏地/架位号 | 状态 | 备注 |
| 1 | 115962 | 201159628 | 自科库401/401自科库 65排7列1层/ [索取号:O652.2/ZH910] | 在馆 | |
| 2 | 115963 | 201159637 | 自科库401/401自科库 65排7列1层/ [索取号:O652.2/ZH910] | 在馆 | |
| 3 | 115964 | 201159646 | 自科库401/401自科库 65排7列1层/ [索取号:O652.2/ZH910] | 在馆 | |
| 4 | 115965 | 201159655 | 自科库401/401自科库 65排7列1层/ [索取号:O652.2/ZH910] | 在馆 | |
| 5 | 115966 | 201159664 | 自科库401/401自科库 65排7列1层/ [索取号:O652.2/ZH910] | 在馆 |